000 01166nam a22003377a 4500
001 BR0602158
003 BR-BrBNA
005 20230928102132.0
007 ta
008 230509b bl.||||| |||| 00| 0 por d
040 _aBR-BrBNA
_bpor
_cBiblioteca Nacional de Agricultura
041 _a(Por)
072 _aL73; L70; L50
_b5100
090 _ 5100 BR0602158
100 1 _aLeme, F. de O.P.
110 1 _aUniversidade Federal de Minas Gerais, Belo Horizonte (Brasil). Escola de Veterinária
_0Tese (Doutor em Ciência Animal)
245 1 _aEfeito da fenilbutazona, ketoprofeno e flunixin meglumine sobre plaquetas de eqüinos hígidos - in vitro - e com laminite experimental - in vivo - estudada clínica, radiológica e laboratorialmente
260 3 _aBelo Horizonte, MG (Brasil):
_c2004.
300 _a114 p.
500 _aSummaries (Eng, Por); Bibliography p. 108-114; 51 tables
650 _aEQÜINO
650 _aDOENÇA ANIMAL
650 _aCAVALO
650 _aANTIINFLAMATÓRIO
650 _aCASCO
650 _aBIÓPSIA
650 _aRADIOLOGIA
650 _aBIOQUÍMICA ANIMAL
909 _a202309
_bLucia
_c55
_dLucia Elande
942 _cBK
999 _c69308
_d69308